01244cam a22002893a 4500999001700000001000900017005001700026008004100043010001700084020001500101035002300116040001800139050002000157082001400177100002000191245008900211260004500300300002600345504006600371650002700437856010600464856009200570856009100662906004500753942003300798952012300831 c17651d176511365598720161128143702.0040715s2004 enk b 001 0 eng d a 2004301272 a0826472397 a(OCoLC)ocm55802038 aTEFcTEFdDLC00aMLCM 2006/1078704a370.12221 aPring, Richard.10aPhilosophy of education :baims, theory, common sense and research /cRichard Pring. aLondon ;aNew York :bContinuum,cc2004. avii, 280 p. ;c24 cm. aIncludes bibliographical references (p. [272]-277) and index. 0aEducationxPhilosophy.423Contributor biographical informationuhttp://www.loc.gov/catdir/enhancements/fy1115/2004301272-b.html413Table of contents onlyuhttp://www.loc.gov/catdir/enhancements/fy1115/2004301272-t.html423Publisher descriptionuhttp://www.loc.gov/catdir/enhancements/fy1213/2004301272-d.html a7bcbcccopycatd2encipf20gy-gencatlg 2lcccBOOKShLB 1028 .P7 2004 00102lcc4070aMUCbMUCcTECHd2016-11-28eDonation(B.F.A)l0oLB 1028 .P7 2004p3640r2018-06-14w2016-11-28yBOOKS